| 000 | 00769nam a2200205 a 4500 | ||
|---|---|---|---|
| 005 | 20210223122937.0 | ||
| 008 | 991125n1970 mx 000 0 spa u | ||
| 035 | _aUPN01000044621 | ||
| 049 | _aSEP | ||
| 050 | 4 | _aND350 P55 | |
| 245 | 0 | 0 |
_aPintura y grabado del Brasil / _cInstituto Nacional de Bellas Artes, Embajada del Brasil en México |
| 260 |
_aMéxico : _bINBA, _c1970 |
||
| 300 |
_a[32] p. : _bil. |
||
| 500 | _aContenido parcial: La pintura contemporánea brasileña / por Flavio de Aquino -- Panorama esquemático del grabado brasileño moderno / por Walter Wey | ||
| 650 | 4 |
_aGRABADOS BRASILEÑOS- _vEXPOSICIONES |
|
| 650 | 4 |
_aPINTURA BRASILEÑA- _vEXPOSICIONES _926146 |
|
| 710 | 2 |
_aBrasil. _bEmbajada (México) |
|
| 904 |
_aAC _b044623 |
||
| 905 | _aLibro | ||
| 999 |
_c44621 _d44621 |
||